Careful tree planting pays dividends (Record no. 687)

MARC details
000 -LEADER
fixed length control field 01158cab a2200205 4500
001 - CONTROL NUMBER
control field ABS36964
008 - FIXED-LENGTH DATA ELEMENTS--GENERAL INFORMATION
fixed length control field 090401t1986 xxu||||| |||| 00| 0 eng d
035 ## - SYSTEM CONTROL NUMBER
System control number (Sirsi) u1257
041 ## - LANGUAGE CODE
Language code of text/sound track or separate title eng
100 ## - MAIN ENTRY--PERSONAL NAME
Personal name Marsden, P.
245 ## - TITLE STATEMENT
Title Careful tree planting pays dividends
260 ## - PUBLICATION, DISTRIBUTION, ETC.
Date of publication, distribution, etc. 1986
350 ## - PRICE (NR) (BK AM CF MU VM SE) [OBSOLETE]
Price 0
490 ## - SERIES STATEMENT
Series statement Countryside Commission News
Volume/sequential designation (22) July/August 1986, 4-5 (2)
520 ## - SUMMARY, ETC.
Summary, etc. Since 1974, the Countryside Commission has spent about £10 million on some 30,000 amenity tree planting schemes . The Institute of Terrestial Ecology report on its Assessment of tree planting schemes, shows that the average rate of tree survival in these schemes was 77%. Results varied considerably from one year of planting to another and from region to region. A significant factor in survival was the degree of maintenance. Some 13% of schemes showed serious damage to trees, wind damage being the most common. D. Burdekin gives advice on tree-planting and aftercare based on latest research and useful publications are listed. 2 diagrams. 4 photos.
650 ## - SUBJECT ADDED ENTRY--TOPICAL TERM
Topical term or geographic name entry element TREES
690 ## - LOCAL SUBJECT ADDED ENTRY--TOPICAL TERM (OCLC, RLIN)
Topical term or geographic name as entry element CONSERVATION AND THE ENVIRONMENT
942 ## - ADDED ENTRY ELEMENTS (KOHA)
Suppress in OPAC 0
948 ## - LOCAL PROCESSING INFORMATION (OCLC); SERIES PART DESIGNATOR (RLIN)
c (OCLC) 04/03/1997
Holdings
Withdrawn status Lost status Source of classification or shelving scheme Damaged status Not for loan Home library Current library Shelving location Date acquired Total Checkouts Full call number Barcode Date last seen Copy number Price effective from Koha item type
    Dewey Decimal Classification     London London Journal article 14/09/1999   ABS36964 1257-1001 06/08/2019 1 06/08/2019 Journal article